Geleitwort
Saved in:
| Other Authors: | |
|---|---|
| Format: | Chapter/Article |
| Language: | German |
| Published: |
2020
|
| In: |
Campus und Gesellschaft
Year: 2020, Pages: 7-10 |
| Online Access: |
|
| Author Notes: | Anne Sliwka |
MARC
| LEADER | 00000caa a2200000 c 4500 | ||
|---|---|---|---|
| 001 | 1729164137 | ||
| 003 | DE-627 | ||
| 005 | 20220818193657.0 | ||
| 007 | tu | ||
| 008 | 200909s2020 xx ||||| 00| ||ger c | ||
| 035 | |a (DE-627)1729164137 | ||
| 035 | |a (DE-599)KXP1729164137 | ||
| 035 | |a (OCoLC)1341359191 | ||
| 040 | |a DE-627 |b ger |c DE-627 |e rda | ||
| 041 | |a ger | ||
| 084 | |a 22 |2 sdnb | ||
| 245 | 0 | 0 | |a Geleitwort |c Anne Sliwka |
| 264 | 1 | |c 2020 | |
| 300 | |a 4 | ||
| 336 | |a Text |b txt |2 rdacontent | ||
| 337 | |a ohne Hilfsmittel zu benutzen |b n |2 rdamedia | ||
| 338 | |a Band |b nc |2 rdacarrier | ||
| 700 | 1 | |a Sliwka, Anne |d 1969- |e VerfasserIn eines Geleitwortes |0 (DE-588)128764414 |0 (DE-627)379137208 |0 (DE-576)182941965 |4 aui | |
| 773 | 0 | 8 | |i Enthalten in |t Campus und Gesellschaft |b 1. Auflage |d Weinheim : Beltz Juventa, 2020 |g (2020), Seite 7-10 |h 243 Seiten |w (DE-627)1665463503 |z 9783779961550 |z 3779961555 |7 nnam |a Geleitwort |
| 773 | 1 | 8 | |g year:2020 |g pages:7-10 |g extent:4 |a Geleitwort |
| 951 | |a AR | ||
| 992 | |a 20200909 | ||
| 993 | |a BookComponentPart | ||
| 994 | |a 2020 | ||
| 998 | |g 128764414 |a Sliwka, Anne |m 128764414:Sliwka, Anne |d 100000 |d 100400 |e 100000PS128764414 |e 100400PS128764414 |k 0/100000/ |k 1/100000/100400/ |p 1 |x j |y j | ||
| 999 | |a KXP-PPN1729164137 |e 3747926401 | ||
| BIB | |a Y | ||
| JSO | |a {"relHost":[{"type":{"bibl":"edited-book"},"physDesc":[{"noteIll":"Diagramme","extent":"243 Seiten","noteFormat":"23 x 15 cm"}],"corporate":[{"display":"Juventa Verlag","role":"pbl"}],"recId":"1665463503","title":[{"title":"Campus und Gesellschaft","subtitle":"Service Learning an deutschen Hochschulen : Positionen und Perspektiven","title_sort":"Campus und Gesellschaft"}],"origin":[{"publisherPlace":"Weinheim ; Basel","dateIssuedDisp":"2020","publisher":"Beltz Juventa","editionNo":"1","dateIssuedKey":"2020","edition":"1. Auflage"}],"id":{"isbn":["9783779961550","3779961555"],"eki":["1665463503"]},"name":{"displayForm":["Manfred Hofer, Julia Derkau (Hrsg.)"]},"person":[{"display":"Hofer, Manfred","given":"Manfred","family":"Hofer","role":"edt"},{"given":"Julia","display":"Derkau, Julia","role":"edt","family":"Derkau"}],"language":["ger"],"note":["Enthält 15 Beiträge","Literaturangaben"],"part":{"text":"(2020), Seite 7-10","extent":"4","year":"2020","pages":"7-10"},"disp":"GeleitwortCampus und Gesellschaft"}],"recId":"1729164137","type":{"bibl":"edited-book"},"physDesc":[{"extent":"4 S."}],"id":{"eki":["1729164137"]},"name":{"displayForm":["Anne Sliwka"]},"person":[{"display":"Sliwka, Anne","given":"Anne","family":"Sliwka","role":"aui"}],"title":[{"title_sort":"Geleitwort","title":"Geleitwort"}],"language":["ger"],"origin":[{"dateIssuedKey":"2020","dateIssuedDisp":"2020"}]} | ||
| SRT | |a GELEITWORT2020 | ||